000
00345nam a2200157Ia 4500
003
OSt
005
20240125111628.0
008
170524s9999 xx 000 0 und d
020
_a
9788174091536
040
_c
iimtu
100
_a
Rizvi- M. Ashraf
245
0
_a
Professional Communication
260
_b
TMH
260
_c
2008
942
_2
ddc
_c
02
999
_c
5930
_d
5930